MARC

Tag First Indicator Second Indicator Subfields
LEADER 00000nam a2200000 4500
001 in00004191621
005 20200806081927.0
006 m g d
007 cr bn |||a|bb|
008 980128s1675 enk o o00 eng d
035 |a (UnM)99886711 
037 |a CL2105000001  |b ProQuest Information and Learning. 300 N. Zeeb Rd., Ann Arbor, MI 48106 
040 |a Cu-RivES  |c Cu-RivES  |e dcrb 
110 1 |a England and Wales.  |b Sovereign (1660-1685 : Charles II) 
245 1 0 |a By the King. A proclamation for the suppression of coffee-houses.. 
246 3 0 |a Proclamation for the suppression of coffee-houses 
260 |a London :  |b Printed by the assigns of John Bill, and Christopher Barker, printers to the Kings most excellent Majesty,  |c 1675. 
300 |a 1 online resource (2 sheets (versos blank) 
336 |a text  |b txt  |2 rdacontent 
337 |a computer  |b c  |2 rdamedia 
338 |a online resource  |b cr  |2 rdacarrier 
500 |a At end of text: Given at our court at Whitehall, this nine and twentieth day of December 1675. in the seven and twentieth year of our reign. 
500 |a Steele notation: Arms 87 late Realm 2) next that. 
500 |a Reproduction of original in the British Library. 
510 4 |a Wing (CD-ROM, 1996)  |c C3515 
510 4 |a Steele  |c I, 3622 
510 4 |a Early English books tract supplement interim guide  |c 21.h.2[120] 
510 4 |a Early English books tract supplement interim guide  |c 1851.c.9[119] 
533 |a Electronic reproduction.  |b Ann Arbor, Mich. :  |c UMI,  |d 1999-  |f (Early English books online)  |n Digital version of: (Early English books; Tract supplement ; C9:1[120]; C18:2[119])  |7 s1999 miun s 
650 0 |a Coffeehouses  |z England  |v Early works to 1800. 
650 0 |a Sedition  |z England  |v Early works to 1800. 
700 0 |a Charles  |b II,  |c King of England,  |d 1630-1685. 
830 0 |a Early English books online. 
856 4 0 |u http://proxy.library.tamu.edu/login?url=https://search.proquest.com/docview/2248538640  |z Connect to the full text of this electronic book  |t 0 
856 4 0 |u http://proxy.library.tamu.edu/login?url=https://search.proquest.com/docview/2264217104  |z Connect to the full text of this electronic book  |t 0 
999 f f |s 03573506-7a72-3461-ad83-a63e73eccc06  |i 11ae1757-c5ff-3c00-806b-e694bb439de6  |t 0 
952 f f |a Texas A&M University  |b College Station  |c Electronic Resources  |d Available Online  |t 0  |h No information provided 
998 f f |t 0  |l Available Online